Đại Nam thực lục T.2

Wedi'i Gadw mewn:
Manylion Llyfryddiaeth
Prif Awdur: Ngô, Hữu Tạo
Awduron Eraill: Nguyễn, Mạnh Duân
Fformat: Llyfr
Iaith:Undetermined
Cyhoeddwyd: H. Giáo dục 2007
Pynciau:
Mynediad Ar-lein:http://lrc.tdmu.edu.vn/opac/search/detail.asp?aID=2&ID=4000
Tagiau: Ychwanegu Tag
Dim Tagiau, Byddwch y cyntaf i dagio'r cofnod hwn!
Thư viện lưu trữ: Trung tâm Học liệu Trường Đại học Thủ Dầu Một
LEADER 00759nam a2200217Ia 4500
001 TDMU_4000
008 210410s9999 xx 000 0 und d
082 |a 959.7029 
090 |b V674 
100 |a Ngô, Hữu Tạo 
245 0 |a Đại Nam thực lục 
245 0 |c Ngô Hữu Tạo, Nguyễn Mạnh Duân, Phạm Huy Giu phiên dịch; Đào Duy Anh hiệu đính,...[và nh.ng.kh.] 
245 0 |n T.2 
260 |a H. 
260 |b Giáo dục 
260 |c 2007 
300 |a 1004tr. 
650 |a Lịch sử Việt Nam  |y Triều Nguyễn 
700 |a Nguyễn, Mạnh Duân 
856 |u http://lrc.tdmu.edu.vn/opac/search/detail.asp?aID=2&ID=4000 
980 |a Trung tâm Học liệu Trường Đại học Thủ Dầu Một